000 nam a22 7a 4500
999 _c7654
_d7654
008 170923b xxu||||| |||| 00| 0 eng d
100 _94148
_aCYRIL.M
245 _aVALUE EDUCATION AND LIFE SKILLS-10
260 _aCHENNAI
_bPRIENT BLACK
_c2016